<?xml version="1.0" encoding="UTF-8"?>
<marc:record xmlns:marc="http://www.loc.gov/MARC21/slim">
   <marc:leader>00000nam a2200000 a 4500</marc:leader>
   <marc:datafield ind1="1" ind2=" " tag="100">
      <marc:subfield code="a">Papouschek, Elke</marc:subfield>
      <marc:subfield code="4">edt</marc:subfield>
      <marc:subfield code="e">Bearbeiter/-in</marc:subfield>
   </marc:datafield>
   <marc:datafield ind1=" " ind2=" " tag="653">
      <marc:subfield code="a">Winter</marc:subfield>
   </marc:datafield>
   <marc:datafield ind1=" " ind2=" " tag="653">
      <marc:subfield code="a">Dekoration</marc:subfield>
   </marc:datafield>
   <marc:datafield ind1=" " ind2=" " tag="653">
      <marc:subfield code="a">Basteln</marc:subfield>
   </marc:datafield>
   <marc:datafield ind1=" " ind2=" " tag="653">
      <marc:subfield code="a">Weihnachten</marc:subfield>
   </marc:datafield>
   <marc:datafield ind1=" " ind2=" " tag="653">
      <marc:subfield code="a">Brauchtum</marc:subfield>
   </marc:datafield>
   <marc:datafield ind1=" " ind2=" " tag="653">
      <marc:subfield code="a">Softcover</marc:subfield>
   </marc:datafield>
   <marc:datafield ind1=" " ind2=" " tag="653">
      <marc:subfield code="a">Karte</marc:subfield>
   </marc:datafield>
   <marc:datafield ind1=" " ind2=" " tag="653">
      <marc:subfield code="a">Erzählungen</marc:subfield>
   </marc:datafield>
   <marc:datafield ind1=" " ind2=" " tag="653">
      <marc:subfield code="a">Anleitung</marc:subfield>
   </marc:datafield>
   <marc:datafield ind1=" " ind2=" " tag="653">
      <marc:subfield code="a">Kochbuch</marc:subfield>
   </marc:datafield>
   <marc:datafield ind1="0" ind2="0" tag="245">
      <marc:subfield code="a">Winterzauber &amp; Weihnachtsglanz</marc:subfield>
   </marc:datafield>
   <marc:datafield ind1="0" ind2="0" tag="245">
      <marc:subfield code="b">Kreative Ideen für die ganze Familie</marc:subfield>
   </marc:datafield>
   <marc:datafield ind1="0" ind2="0" tag="245">
      <marc:subfield code="c">Red.: Elke Papouschek ; Claudia Stoifl</marc:subfield>
   </marc:datafield>
   <marc:datafield ind1=" " ind2="1" tag="264">
      <marc:subfield code="a">Linden</marc:subfield>
      <marc:subfield code="b">Staackmann</marc:subfield>
      <marc:subfield code="c">2004</marc:subfield>
   </marc:datafield>
   <marc:datafield ind1="1" ind2=" " tag="520">
      <marc:subfield code="a">Weihnachten ist heute der Konsum-Höhepunkt des Jahres. Kein anderes Fest wird so ausdauernd vermarktet und übertrieben beworben. An Flucht ist schon in der Vorweihnachtszeit nicht zu denken - Santa Claus, Weihnachtsmann und Christkind sind allgegenwärtig und stiften Verwirrung ob ihrer Arbeitsteilung und Zuständigkeit. Wird das Drumherum zu laut und zu viel, dann kann dieses Buch als "Slow Food" für vom Weihnachtsrummel gestresste Köpfe Ruhe bringen. Ein klassisches Winter- und Weihnachtsbuch im besten Sinne, zum Lesen und Vorlesen, Nachmachen und Nachkochen, ein Familienbuch zum immer wieder Lesen, damit die Weihnachtszeit eine stimmungsvolle bleibt und das Christkind die zuständige Instanz. Aus dem Inhalt: Stimmungsvolle Winterzeit - Schmücken &amp; Entstehen lassen: Floristische Ideen für drinnen und draußen Zeit der Engeln, Zeit der Kerzen Geschenke und Mitbringsel für Advent und Weihnachten Welchen Christbaum auswählen? Kulinarische Winterzeit - Genießen &amp; Wohlfühlen: Herzhafte Wintergerichte spenden Kraft, süße Genüsse wärmen die Seele Ernährungstipps für die kalte Jahreszeit Fröhliche Winterzeit - Lachen &amp; Freuen: Advent und Weihnachten mit Kindern erleben Wintermärchen und Weihnachtsgeschichten Geheimnisvolle Winterzeit - Warten auf Weihnachten: Spielideen für drinnen und draußen Hören &amp; Staunen: Brauchtum und Tradition damals und heute Weihnachten anderswo</marc:subfield>
   </marc:datafield>
   <marc:datafield ind1=" " ind2=" " tag="020">
      <marc:subfield code="a">9783886750450</marc:subfield>
      <marc:subfield code="9">9783886750450</marc:subfield>
   </marc:datafield>
   <marc:datafield ind1=" " ind2=" " tag="020">
      <marc:subfield code="a">3886750450</marc:subfield>
      <marc:subfield code="9">3886750450</marc:subfield>
   </marc:datafield>
   <marc:datafield ind1=" " ind2=" " tag="041">
      <marc:subfield code="a">ger</marc:subfield>
   </marc:datafield>
   <marc:datafield ind1=" " ind2=" " tag="300">
      <marc:subfield code="a">144 S.</marc:subfield>
   </marc:datafield>
</marc:record>
